| 000 | 00561nam a22001577a 4500 | ||
|---|---|---|---|
| 003 | OSt | ||
| 008 | 260629b |||||||| |||| 00| 0 eng d | ||
| 020 | _a9789366260938 | ||
| 082 |
_a638.1 _bA37T |
||
| 245 | _aTechnological Innovations for Sustainable Apiculture Management/by Kamin Alexander...[et al.] | ||
| 260 |
_aNew Delhi: _bInternational Books & Periodicals Supply Service, _c2025 |
||
| 300 | _aviii, 92 p. | ||
| 650 | _aAgriculture and related technologies | Insect culture | Apiculture / Beekeeping | ||
| 700 | _a Alexander, Kamin | ||
| 942 |
_2ddc _cBK |
||
| 999 |
_c52475 _d52475 |
||